Регионална библиотека "Любен Каравелов" - Русе

Дендрология (Запис номер 182721)

MARC детайли
000 -Лидер
Контролно поле с фиксирана дължина 01257nam a2200301 c 4500
003 - Код на организацията, давaща контролен номер
Контролно поле BLK
005 - Дата и час на последна редакция
Контролно поле 20250118125543.0
008 - Елементи от данни с фиксирана дължина
fixed length control field 180411b bul|||||r ||||||| ||bul||
010 ## - Наследен системен номер
LC control number KNG00191646000
040 ## - Източник на каталожния запис
Идентификатор на билиотеката - собственик на записа BLK
041 ## - Код за език
Код за езика на текст/звукозапис или на отделно заглавие Български
Код за езика КДБФ Български
080 ## - УДК
Текстов определител УДК Дендрология. Систематична горска ботаника
УДК код - определител по УДК 630.17
УДК определител (075.8)
УДК - код + определител 630.17(075.8)
100 1# - Редна дума - Автор
Автор Делков, Недялко Стаменов
Авторска отговорност първи автор
R(LIN) 287008
139 ## - Редно поле
Редна дума Делков, Недялко Стаменов
Авторски знак Дели - Д 37
245 10 - Сведения за заглавието
Заглавие Дендрология
Редно поле (дума) Недялко Стаменов Делков.
257 ## - Страна на издаване
Страна на създаване/издаване България
260 ## - Област на издателските данни
-- София
Име на издателя, разпространителя и проч. Земиздат
Година на издаване 1984
300 ## - Физическа характеристика
Страници 308 с.
Размери/Мащаб 20 см
380 ## - Жанр
Жанр Селско стопанство
500 ## - Общи забележки
Забележка 1 084 тир. - Библиогр. с. 306. - Указател на бълг. названия на дървесните растения ; Указател на лат. наименования на дървесните растения.
653 ## - Ключова дума – ненормативна
Ключова дума дендрология
852 ## - Местоположение
Форматна сигнатура Цб 129367
856 4# - Електронен адрес и достъп
Електронен формат pdf - файл
Път до файла /url/
856 4# - Електронен адрес и достъп
Електронен формат pdf - файл
Път до файла /url/
942 ## - АРТИКУЛИ
Вид на библиотечния материал Книги
Скрит в OPAC Не
Koha issues (borrowed), all copies 3
944 ## - СЪЗДАВАНЕ И РЕДАКЦИЯ на ЗАПИСА
Създаване/Редакция Създаване
Дата на регистрацията/редакция 05.10.2016
Служител, извършил регистрацията/редакцията 30576
Статус, дата на статуса Цветомила Тодорова
944 ## - СЪЗДАВАНЕ И РЕДАКЦИЯ на ЗАПИСА
Създаване/Редакция Редакция
Дата на регистрацията/редакция 05.10.2016
Служител, извършил регистрацията/редакцията Наталия_Любомирова
999 ## - СИСТЕМНИ КОНТРОЛНИ НОМЕРА
Koha biblionumber 182721
Koha biblioitemnumber 182721
Наличности
Код за отписване Код за изгубен артикул Източник на класификационната схема Код за повреда Коз за рестрикции Код за отдаване Артикулен № Име на библиотеката - собственик Име на библиотеката, в която се намира в момента Статус (Текущо местоположение) Дата на вписване в системата Местоположение - отдел Цена в лева Инвентарен номер Систематично азбучна сигнатура Баркод Номер на екземпляра Цена в евро Служебна бележка Служебен тип на артикула
  Не е изгубен Universal Decimal Classification Не е повреден без рестрикции ползва се в читалня 314203 Регионална библиотека "Любен Каравелов" Русе Регионална библиотека "Любен Каравелов" Русе Хранилище 1984-01-01 Хранилище 1.82 413818 Цб 129367 900000009381 1 0.93 N: стар фонд Дата: 01.01.1984 Книги
  Не е изгубен Universal Decimal Classification Не е повреден без рестрикции заемане за дома 314204 Регионална библиотека "Любен Каравелов" Русе Регионална библиотека "Любен Каравелов" Русе Заемна - подръчен фонд 1984-01-01 Заемна - подръчен фонд 4.00 645974 П 630.1/Д 39 120000645974 2 2.05 N: стар фонд Дата: 01.01.1984 Дата инв: 06.02.2018 Бележки инв: П2018 Книги
Изтеглен Не е изгубен Universal Decimal Classification Не е повреден без рестрикции заемане за дома 314205 Регионална библиотека "Любен Каравелов" Русе Регионална библиотека "Любен Каравелов" Русе Заемна - подръчен фонд 1984-01-01 Заемна - подръчен фонд 1.82 415579 П 630.1/Д 39 415579 3 0.93 N: стар фонд Дата: 01.01.1984 Книги
Vip Innovations Ltd, Rousse, Bulgaria 2025